Zlatarovo zlato : roman /

Hlavní autor: Šenoa, August, 1838-1881
Jazyk: Srbština
Vydáno: Beograd : Rad, 1955
Fyzický popis: 391 s.
Knihy
Uloženo v:
LEADER 00616nam a22002172a 4500
001 000970880
003 CZ BrMZK
005 20100318131934.0
007 ta
008 091013s1955 rb er|||||||||||srp d
040 |a BOA001  |b cze 
100 1 |a Šenoa, August,  |d 1838-1881  |7 jn20001005030  |4 aut 
245 1 0 |a Zlatarovo zlato :  |b roman /  |c August Šenoa 
260 |a Beograd :  |b Rad,  |c 1955 
300 |a 391 s. 
500 |a Přemluva o autorovi 
910 |a BOA001  |b 1-0397.392 
990 |a BK 
993 |a Y 
991 |b 200910 
996 7 |b 2619419630  |c 1-0397.392  |l MZK  |r Sklad / do 1 hodiny  |n 3  |w 000970880  |u 000010  |a 1  |e BOA001  |j MZK50  |s A